000 00746nam a2200241 i 4500
001 bg
245 0 0 _aStatystyka dla jakości produktów i usług - Six Sigma i inne strategie :
_bseminarium, Warszawa 28 października 2002.
260 _aKraków :
_b"StatSoft",
_c2002.
300 _a100 s. :
_bil. ;
_c24 cm.
504 _aBibliogr. po ref.
650 9 _aZarządzanie jakością
650 9 _aJakość produktu
650 9 _aStatystyka matematyczna
_xstosowanie
650 9 _aStatistica (informat.)
655 _aMateriały konferencyjne
020 _a8388724134
040 _cBPK
041 0 _apl
080 _a658.56:519.2:311:004.42](061)
920 _a83-88724-13-4
942 _cKS
008 s pl f |000 0 pol
999 _c42253
_d42253
856 _uhttp://koha.tu.koszalin.pl/cgi-bin/koha/opac-detail.pl?biblionumber=42253
_yKatalog online BPK